|
|
|
|
| LEADER |
00000nam0a2200000 4500 |
| 001 |
335917 |
| 005 |
20231101031542.0 |
| 010 |
|
|
|a 9785990710702
|
| 035 |
|
|
|a (RuTPU)RU\TPU\book\362329
|
| 090 |
|
|
|a 335917
|
| 100 |
|
|
|a 20171005d2015 km y0rusy50 ca
|
| 101 |
0 |
|
|a rus
|
| 102 |
|
|
|a RU
|
| 105 |
|
|
|a a z 001zd
|
| 200 |
1 |
|
|a Вклад зауральцев в науку и просвещение Сибири и России
|f В. А. Бубнов
|
| 210 |
|
|
|a Курган
|c [Б. и.]
|d 2015
|
| 215 |
|
|
|a 464 с.
|c ил.
|
| 316 |
|
|
|5 63413507: 17-548
|a На форзаце дарственная надпись: "Научной библиотеке Томского политехнического университета. В этом издании есть материалы о жизни и деятельности С. А. Балакшина и В. М. Флоринского. С наилучшими пожеланиями от автора. В. А. Бубнов. 20.05.2017 г."
|
| 320 |
|
|
|a Библиогр. в конце тем
|
| 330 |
|
|
|a Настоящая книга посвящена вкладу в науку и просвещение Сибири и России выдающихся и известных деятелей науки, образования, краеведения и духовенства Зауралья. В ней представлены очерки о жизни, деятельности и научных достижениях 48 ученых, работников просвещения, Русской православной церкви и культуры в области медицинской и сельскохозяйственной науки, в технике и машиностроении. Нашли себе место представители исторической науки и краеведения, философии, психологии и фольклора, представлены известные деятели Русского православия. Книга будет полезна и интересна для самого широкого круга читателей
|
| 606 |
1 |
|
|a Наука
|x История
|y Россия
|x Персоналии
|2 stltpush
|3 (RuTPU)RU\TPU\subj\45078
|
| 610 |
1 |
|
|a просвещение
|
| 610 |
1 |
|
|a Сибирь
|
| 610 |
1 |
|
|a Зауралье
|
| 610 |
1 |
|
|a биографии
|
| 610 |
1 |
|
|a ученые
|
| 610 |
1 |
|
|a дарственные надписи
|
| 610 |
1 |
|
|a дары автора
|
| 610 |
1 |
|
|a дары библиотеке
|
| 610 |
1 |
|
|a Коллекция ТПУ
|
| 686 |
|
|
|a Ч213(2)д
|v LBC/SL-A
|2 rubbk
|
| 700 |
|
1 |
|a Бубнов
|b В. А.
|g Валерий Андрианович
|
| 801 |
|
1 |
|a RU
|b 63413507
|c 20171005
|
| 801 |
|
2 |
|a RU
|b 63413507
|c 20210125
|g RCR
|
| 942 |
|
|
|c BK
|